01144nam a2200193Ia 4500001001000000003001000010008004100020040002500061041001300086100002100099245005200120250001100172260006700183300002800250500026400278501011400542520026400656650003000920L220-4665IT-CnALBA170116s9999||||xx |||||||||||||| ||und|| aIT-CnALBAcIT-CnALBA aITALIANO aCRISTOFARI MARIO 0aLA PICCOLA BIBBIA. VECCHIO E NUOVO TESTAMENTO.  a2a ed. a VICENZAbFAVERO L., EDITORE PONTIFICIO c1935 [1° Ed.: n.d.] a584 p. (prefazione: 59) aDONO DI D. TARCISIO RAVINA SSP. SCOPO DELL'OPERA. DA ADAMO AD ABRAMO. DA ABRAMO A MOSÈ, GIOSUÈ, GIUDICI, DESERTO. CONQUISTA DELLA TERRA PROMESSA. ALLEANZA DI SICHEM. MONARCHIA. REGNO DI ISRAELE. REGNO DI GIUDA. ESILIO. PROFETI. RICOSTRUZIONE DI GERUSALEMM aSocietà San Paolo EM - Piazza San Paolo, 14 - 12051 ALBA (CN) (non commercial uses only) ® Copyright 2017 aDONO DI D. TARCISIO RAVINA SSP. SCOPO DELL'OPERA. DA ADAMO AD ABRAMO. DA ABRAMO A MOSÈ, GIOSUÈ, GIUDICI, DESERTO. CONQUISTA DELLA TERRA PROMESSA. ALLEANZA DI SICHEM. MONARCHIA. REGNO DI ISRAELE. REGNO DI GIUDA. ESILIO. PROFETI. RICOSTRUZIONE DI GERUSALEMM aBIBBIA - TESTI E COMMENTI